احکام رسول اور سا ئنسی تحقیق مع چاند اور قرآن / (Record no. 39580)

MARC details
000 -LEADER
fixed length control field 01013nam a22002777a 4500
005 - DATE AND TIME OF LATEST TRANSACTION
control field 2010080501301.0
008 - FIXED-LENGTH DATA ELEMENTS--GENERAL INFORMATION
fixed length control field 100412t xxu||||| |||| 00| 0 ur d
010 ## - LCCN (DPL NO)
LC control number UR-7591
020 ## - INTERNATIONAL STANDARD BOOK NUMBER
Terms of availability 60.00
035 ## - SYSTEM CONTROL NUMBER
System control number U-6146
037 ## - SOURCE OF ACQUISITION
Source of stock number/acquisition Al Hasanat Books
040 ## - CATALOGING SOURCE
Original cataloging agency dpl
Language of cataloging ur
082 ## - DEWEY DECIMAL CLASSIFICATION NUMBER
Classification number 500.215
100 ## - MAIN ENTRY--PERSONAL NAME
9 (RLIN) 616
245 ## - TITLE STATEMENT
Title احکام رسول اور سا ئنسی تحقیق مع چاند اور قرآن /
Remainder of title
246 ## - VARYING FORM OF TITLE
Title proper/short title Ehkaam-E-Rasool Aur Sciencee Tehqeeq & Chand Aur Qur'aan /
260 ## - PUBLICATION, DISTRIBUTION, ETC. (IMPRINT)
Place of publication, distribution, etc دلّی
Name of publisher, distributor, etc الحسنات بکس
Date of publication, distribution, etc 2009
270 ## - ADDRESS
Address 3004/2, Sir Syed Ahmad Road, Darya Ganj
City New Delhi
Postal code 110002
Telephone number 2321845
Electronic mail address alhasanatbooks@rediffmail.com
300 ## - PHYSICAL DESCRIPTION
Extent 128 ص
Other physical details 22 س م (pbk)
500 ## - GENERAL NOTE
General note
600 ## - SUBJECT ADDED ENTRY--PERSONAL NAME
Personal name کہا نی
9 (RLIN) 966
600 ## - SUBJECT ADDED ENTRY--PERSONAL NAME
Personal name Story
9 (RLIN) 967
700 ## - ADDED ENTRY--PERSONAL NAME
9 (RLIN) 6717
942 ## - ADDED ENTRY ELEMENTS (KOHA)
Source of classification or shelving scheme Dewey Decimal Classification
Item type Urdu Bks
Classification part 500.215
Call number suffix م ح م
Holdings
Withdrawn status Lost status Source of classification or shelving scheme Damaged status Not for loan Collection code Home library Current library Date acquired Source of acquisition Cost, normal purchase price Total Checkouts Full call number Barcode Date last seen Copy number Cost, replacement price Koha item type
    Dewey Decimal Classification   Not For Loan Non-fiction D.B.Act.Division D.B.Act.Division 05/08/2010 DBAD/PUB 60.00   500.215 م ح م U-6146 05/08/2010 1 60.00 Urdu Bks

© Delhi Public Library
Hit Counter
free hit counter